| 000 | 01138nam a22002657a 4500 | ||
|---|---|---|---|
| 005 | 20170124103005.0 | ||
| 010 | _aA-926836 | ||
| 020 | _c100.00 | ||
| 035 | _aA-926836 | ||
| 037 | _bCen Lib/Ret | ||
| 040 |
_aDPL _bHN |
||
| 082 |
_aउ _bआशापु |
||
| 100 |
_aआशा पूर्णा देवी _953381 |
||
| 245 |
_aकृष्ण चूड़ा का वृक्ष / _cआशा पूर्णा देवी; अनुवादक इंदिरा चैटर्जी |
||
| 246 |
_aKrishan chuda ka vriksh / _bby Asha Puran Devi; anuvadak Indira Chaiterji |
||
| 260 |
_aदिल्ली _bगंगा प्रकाशन _c1999 |
||
| 270 |
_a518/6, बी, विश्वास नगर, शाहदरा _bदिल्ली _e110032 |
||
| 300 |
_a88पृ. _c21सेमी (सजिल्द) |
||
| 650 |
_aहिन्दी साहित्य _955948 |
||
| 650 |
_aउपन्यास _955949 |
||
| 650 |
_aHindi literature _955950 |
||
| 650 |
_aFiction _98901 |
||
| 700 |
_aचैटर्जी, इंदिरा _955951 |
||
| 942 |
_2ddc _cHN _hउ _mआशापु |
||
| 999 |
_c114233 _d114233 |
||